000 00246nam a2200109Ia 4500
008 240625s9999 xx 000 0 und d
041 _aeng
082 _a332.1 KES
100 _aKESTER W CARL
245 _aCASE PROBLEMS IN FINANCE
260 _c2007
999 _c38191
_d38191